00426nam a2200145Ia 4500003000900000008004100009020002200050040001600072080001500088100001800103245008400121260004200205300000900247650002400256IN-BaIIA211028s9999 xx 000 0 eng d a978-1-59078-582-9 cIIA Library a524.3bCRO aCroswell, Ken 4aThe lives of StarscKen Croswell  aPennsylvaniabBoyds Mills Pressc2009 a72p. aStars-Popular works